Traumatología de la infancia y adolescencia / (Record no. 58969)

MARC details
000 -LEADER
campo de control de longitud fija 00616nam a2200181 i 4500
001 - NÚMERO DE CONTROL
campo de control 58969
003 - IDENTIFICADOR DE NÚMERO DE CONTROL
campo de control ES-MaACL
005 - FECHA Y HORA DE LA ÚLTIMA TRANSACCIÓN
campo de control 20230906163929.0
007 - CAMPO FIJO DE DESCRIPCIÓN FÍSICA--INFORMACIÓN GENERAL
campo de control de longitud fija t|
008 - DATOS DE LONGITUD FIJA--INFORMACIÓN GENERAL
campo de control de longitud fija 031024s1965 sp ||||1| spa d
100 1# - ENTRADA PRINCIPAL--NOMBRE DE PERSONA
Nombre de persona Ehalt, Walter.
9 (RLIN) 46776
245 10 - MENCIÓN DEL TÍTULO
Título Traumatología de la infancia y adolescencia /
Mención de responsabilidad, etc. por Walther Ehalt ; prólogo Francisco Jimeno Vidal ; [traducción Jaime Profitós Palou].
260 ## - PUBLICACIÓN, DISTRIBUCIÓN, ETC.
Lugar de publicación, distribución, etc. Barcelona :
Nombre del editor, distribuidor, etc. Labor,
Fecha de publicación, distribución, etc. 1965.
300 ## - DESCRIPCIÓN FÍSICA
Extensión XIV, 430 p. :
Otras características físicas il. ;
Dimensiones 25 cm.
700 1# - ENTRADA AGREGADA--NOMBRE PERSONAL
Nombre de persona Jimeno Vidal, Francisco.
9 (RLIN) 66661
700 1# - ENTRADA AGREGADA--NOMBRE PERSONAL
Nombre de persona Profitós Palou, Jaime.
9 (RLIN) 94021
852 ## - LOCALIZACIÓN
Ubicación ES-MaACL
Número de control de estantería C-27568
Sublocalización o colección R.57982
Holdings
Estatus retirado Estado de pérdida Estado de daño No para préstamo Biblioteca de origen Biblioteca actual Ubicación en estantería Fecha de adquisición Fuente de adquisición Total de préstamos Signatura topográfica completa Código de barras Visto por última vez Precio de reemplazo Tipo de ítem Koha
        Biblioteca del Ateneo de Madrid Biblioteca del Ateneo de Madrid Depósito 2 17/01/2008     C-27568 1061857 23/02/2023 23/02/2023 Libro impreso